Z korešpondencie Dušana Makovického

Bibliographic Details
Main Author: Eliáš, Michal, 1934-2018 (Author)
Format: Article
Language:Slovak
Subjects:

MARC

LEADER 00000nab a2200000 a 4500
001 vtls009474146
003 SK-MaSNL
005 20260304195229.0
008 150420c1970 xo |r|p|||||||000 b|slo
015 |a SNBRA2009/02  |2 snkbucl 
038 |a SNKBUCL 
040 |a SNKBUCL  |b slo  |c SNKBUCL  |e AACR2 
041 0 |a slo  |b rus  |b ger 
044 |a xo  |c SK 
080 |a 82:930.25  |2 2001 
080 |a 82:929:821.162.4  |2 2001 
080 |a 930.25  |2 2001 
080 |a 929 Makovický, Dušan  |2 2001 
080 |a 929 Makovický, Peter  |2 2001 
080 |a 94(437.6)-051  |x "18/19"  |2 2001 
080 |a 821.162.4:929  |2 2001 
100 1 |a Eliáš, Michal,  |d 1934-2018  |4 aut  |9 13333 
245 1 0 |a Z korešpondencie Dušana Makovického  |c Michal Eliáš 
500 |a Bibliogr. odkazy v poznámkach 
546 |a Res. rus. a nem. na s. 371-374 
600 1 7 |a Makovický, Dušan,  |d 1866-1921  |2 snkbucl  |9 40176 
600 1 7 |a Makovický, Peter,  |d 1864-1929  |2 snkbucl  |9 189507 
650 0 7 |a archívne fondy  |2 snkbucl  |9 1974 
655 7 |a dokumenty a komentáre  |2 snkbucl  |9 627238 
773 0 |t Literárny archív 1969  |d Martin : Matica slovenská, 1970  |g S. 323-330 
852 |a SNK  |b KIS3GCP 
958 |a LX 
958 |a SK 
958 |a NB 
958 |a BX 
999 |c 3080296  |d 3082226